书目信息 |
| 题名: |
PLC应用技术
|
|
| 作者: | 弭洪涛 , 孙铁军 , 曹晶人 编著 | |
| 分册: | ||
| 出版信息: | 北京 中国电力出版社 2007.07 |
|
| 页数: | 314页 | |
| 开本: | 26cm | |
| 丛书名: | ||
| 单 册: | ||
| 中图分类: | TM571.6 | |
| 科图分类: | ||
| 主题词: | 可编程序控制器--ke bian cheng xu kong zhi qi--高等教育--教材 | |
| 电子资源: | ||
| ISBN: | 978-7-5083-5553-5 | |
| 000 | 01086nam0 2200289 450 | |
| 001 | 012008736175 | |
| 005 | 20200904092325.66 | |
| 010 | @a978-7-5083-5553-5@dCNY29.80 | |
| 100 | @a20080508d2007 em y0chiy0120 ea | |
| 101 | 0 | @achi |
| 102 | @aCN@b110000 | |
| 105 | @ay a 000yy | |
| 200 | 1 | @aPLC应用技术@APLC ying yong ji shu@f弭洪涛 ... [等] 编著@Fmi hong tao...[deng]bian zhu |
| 205 | @a第2版 | |
| 210 | @a北京@c中国电力出版社@d2007.07 | |
| 215 | @a314页@d26cm | |
| 300 | @a普通高等教育“十一五”规划教材 | |
| 304 | @a题名页题: 编著弭洪涛, 孙铁军, 曹晶人, 王锴, 程艳明 | |
| 320 | @a有书目 (第314页) | |
| 330 | @a本书共分七章,主要内容包括:PLC应用基础、PLC的机构及特点、PLC的基本指令及编程、PLC功能指令及其应用、PLC联网与通信、PLC应用系统设计、安装及维护、电气及PLC实验。 | |
| 606 | 0 | @a可编程序控制器@Ake bian cheng xu kong zhi qi@x高等教育@j教材 |
| 690 | @aTM571.6@v4 | |
| 701 | 0 | @a弭洪涛@Ami hong tao@4编著 |
| 701 | 0 | @a孙铁军@Asun tie jun@4编著 |
| 701 | 0 | @a曹晶人@Acao jing ren@4编著 |
| 801 | 0 | @aCN@bQSSK@c20080509 |
| 905 | @b707207-09@dTM571.6@eM695@f3 | |
| PLC应用技术/弭洪涛 ... [等] 编著.-第2版.-北京:中国电力出版社,2007.07 |
| 314页;26cm |
| 普通高等教育“十一五”规划教材 |
| ISBN 978-7-5083-5553-5:CNY29.80 |
| 本书共分七章,主要内容包括:PLC应用基础、PLC的机构及特点、PLC的基本指令及编程、PLC功能指令及其应用、PLC联网与通信、PLC应用系统设计、安装及维护、电气及PLC实验。 |
| ● |
| 相关链接 |
|
|
|
正题名:PLC应用技术
索取号:TM571.6/M695
 
预约/预借
| 序号 | 登录号 | 条形码 | 馆藏地/架位号 | 状态 | 备注 |
| 1 | 1234863 | 212348636 | 自科库301/301自科库 13排3列3层/ [索取号:TM571.6/M695] | 在馆 | |
| 2 | 707207 | 207072077 | 自科库301/301自科库 13排3列3层/ [索取号:TM571.6/M695] | 在馆 | |
| 3 | 707208 | 207072086 | 自科二线404/404自科库 16排4列3层/ [索取号:TM571.6/M695] | 在馆 | |
| 4 | 707209 | 207072095 | 自科库301/404自科库 16排4列3层/ [索取号:TM571.6/M695] | 在馆 |